| 000 | 00424nam a22001457a 4500 | ||
|---|---|---|---|
| 008 | 230504b |||||||| |||| 00| 0 eng d | ||
| 040 |
_aNational Science Library _cNational Science Library |
||
| 080 |
_a541.1-16(08) _bL0 |
||
| 245 | _aModern aspects of solid state chemistry | ||
| 260 |
_aNew York: _bPlenum Press, _c1970 |
||
| 300 | _axiii, 626p. | ||
| 650 | _aScience | ||
| 700 | _aRao, C N R (Ed.) | ||
| 942 |
_2udc _cBK |
||
| 999 |
_c26901 _d26901 |
||